00504 2200181 4500245006000000020002200060250001000082100001500092700002400107700002400131650002100155005001900176260007600195041001400271084001000285300001800295336000900313 aNgandrawina Sampah b : Pesta SampahcNur HafidzhText a978-623-112-756-3 acet.1 aNur Hafidz aBayu Suta Wardianto aTriastanto Setiawan aCerita Bergambar a20241003111715 aJakartabKementerian Pendidikan, Kebudayaan, Riset, dan Teknologic2023 aIndonesia a741.5 a28 hlm :cpdf atext